| 000 | 00655nam a2200193 a 4500 | ||
|---|---|---|---|
| 005 | 20230308063625.0 | ||
| 008 | 991125s1994 mx 000 0 spa u | ||
| 020 | _a9682447526 | ||
| 035 | _aUPN01000007459 | ||
| 049 | _aCG | ||
| 050 | 4 |
_aBF455 _bC3.78 |
|
| 245 | 0 | 0 |
_aCerebro y lenguaje : _bperspectivas en la organización cerebral del lenguaje y de los procesos cognoscitivos / _ccoord. Feggy Ostrosky-Solís ; tr. Roberto A. Prado-Alcalá. |
| 260 |
_aMéxico : _bTrillas, _c1994. |
||
| 300 | _a257 p. | ||
| 650 | 7 |
_aPsicolingüística _2 _9109 |
|
| 650 | 4 |
_aNeuropsicología _910531 |
|
| 700 | 1 |
_aOstrosky Solís, Feggy, _ecoord. _934103 |
|
| 905 | _aLibro | ||
| 999 |
_c7459 _d7459 |
||